00789 2200253 4500001002100000005001700021008004100038020002200079035002500101041000800126043001300134082001100147090002200158100002600180245017200206250001100378260002800389300002300417504002700440650001300467700002200480850001200502990002100514YOGYA-0711000000052220150429101715.0 ind  a978-602-978-649-1 a0010-071100000000522 aInd aYOPD DIY a297.23 aDEP 297.23bNun C aNUNI YUSVANERA SYATRA aCara mati para ahli surga !bkisah-kisah nyata super menakjubkan mereka yang meninggal istimewa (khusnul khotimah)c/ Nuni Yusvanera Syatra ; editor, Aisyah el-Bukhori aCet. 1 aYogyakartabSabilc2011 a215 hlm. ;c20 cm. aBibliografi : hlm. 215 aKematian aAisyah el-Bukhori aYOPDYOG aCB-D.11-2011-439